Autorzy lektur obowiązkowych i uzupełniających 2024/2025 - Statystyki

Ogólne statystyki
  • Ten quiz został rozwiązany 38 razy
  • Średni wynik to 4 z 10
Statystyki odpowiedzi
Autor Nazwa lektury % Poprawnych
Antoine'a de Saint-Exupery Mały Książę
94%
Aleksander Kamiński Kamienie na szaniec
92%
Adam Mickiewicz Pan Tadeusz
89%
Juliusz Słowacki Balladyna
81%
Stefan Żeromski Syzyfowe prace
42%
Éric-Emmanuel Schmitt Oskar i pani Róża
25%
Arkady Fiedler Dywizjon 303
8%
Suzanne Collins Igrzyska śmierci
8%
Miron Białoszewski Pamiętnik z powstania warszawskiego
8%
Bogdan Bartnikowski Dzieciństwo w pasiakach
0%
Nie znaleziono quizów pasujących do podanych kryteriów
Rozkład punktacji
Procent ludzi z każdym wynikiem
Percentyl według liczby udzielonych odpowiedzi
Twoja historia wyników
Nie rozwiązałeś tego quizu